Ruttie Jinnah; (Record no. 55040)

MARC details
000 -LEADER
fixed length control field 00571cam a22002171 4500
001 - CONTROL NUMBER
control field sa 63003365
003 - CONTROL NUMBER IDENTIFIER
control field DLC
005 - DATE AND TIME OF LATEST TRANSACTION
control field 20260227111941.0
008 - FIXED-LENGTH DATA ELEMENTS--GENERAL INFORMATION
fixed length control field 870521s1963 ii 000 0beng
010 ## - LIBRARY OF CONGRESS CONTROL NUMBER
LC control number sa 63003365
025 ## - OVERSEAS ACQUISITION NUMBER
Overseas acquisition number PL480:I-E-1579
035 ## - SYSTEM CONTROL NUMBER
System control number (OCoLC)15722914
040 ## - CATALOGING SOURCE
Original cataloging agency DLC
Transcribing agency CU
Modifying agency DLC
042 ## - AUTHENTICATION CODE
Authentication code premarc
050 00 - LIBRARY OF CONGRESS CALL NUMBER
Classification number DS385.J5
Item number D9
100 1# - MAIN ENTRY--PERSONAL NAME
Personal name Dwarkadas, Kanji,
Dates associated with a name 1892-
245 10 - TITLE STATEMENT
Title Ruttie Jinnah;
Remainder of title the story of a great friendship.
260 ## - PUBLICATION, DISTRIBUTION, ETC.
Place of publication, distribution, etc. [Bombay,
Date of publication, distribution, etc. 1963?]
300 ## - PHYSICAL DESCRIPTION
Extent 63 p.
Dimensions 22 cm.
600 10 - SUBJECT ADDED ENTRY--PERSONAL NAME
Personal name Jinnah, Ruttenbai (Petit)
Dates associated with a name -1929.

No items available.

Powered by Koha